<?xml version="1.0" encoding="UTF-8"?>
<record
    xmlns:xsi="http://www.w3.org/2001/XMLSchema-instance"
    xsi:schemaLocation="http://www.loc.gov/MARC21/slim http://www.loc.gov/standards/marcxml/schema/MARC21slim.xsd"
    xmlns="http://www.loc.gov/MARC21/slim">

  <leader>02714nam a2200469Ia 4500</leader>
  <controlfield tag="001">214</controlfield>
  <controlfield tag="008">241029s9999    xx            000 0 und d</controlfield>
  <datafield tag="041" ind1=" " ind2=" ">
    <subfield code="a">Espa&#xF1;ol</subfield>
  </datafield>
  <datafield tag="082" ind1=" " ind2=" ">
    <subfield code="a">MIP-0003</subfield>
  </datafield>
  <datafield tag="245" ind1=" " ind2="0">
    <subfield code="a">Dificultad de la Lecto-Escritura en el Primer Ciclo de B&#xE1;sica, en el Colegio San Mart&#xED;n de Porres.</subfield>
  </datafield>
  <datafield tag="260" ind1=" " ind2=" ">
    <subfield code="a">Distrito Nacional</subfield>
  </datafield>
  <datafield tag="300" ind1=" " ind2=" ">
    <subfield code="a">53</subfield>
  </datafield>
  <datafield tag="520" ind1=" " ind2=" ">
    <subfield code="a">12</subfield>
  </datafield>
  <datafield tag="650" ind1=" " ind2=" ">
    <subfield code="a">Competencia Ling&#xFC;&#xED;stica</subfield>
  </datafield>
  <datafield tag="690" ind1=" " ind2=" ">
    <subfield code="a">Elaborado</subfield>
  </datafield>
  <datafield tag="901" ind1=" " ind2=" ">
    <subfield code="a">{"1":"Jim&#xE9;nez","2":"Brea","3":"De Los Santos"}</subfield>
    <subfield code="b">{"1":"Virgilia","2":"Mar&#xED;a Teresa","3":"Daysi"}</subfield>
  </datafield>
  <datafield tag="902" ind1=" " ind2=" ">
    <subfield code="a">1</subfield>
  </datafield>
  <datafield tag="903" ind1=" " ind2=" ">
    <subfield code="a">{"1":"Rebagliatti"}</subfield>
    <subfield code="b">{"1":"Patricia"}</subfield>
  </datafield>
  <datafield tag="904" ind1=" " ind2=" ">
    <subfield code="a">Maestr&#xED;a en</subfield>
  </datafield>
  <datafield tag="905" ind1=" " ind2=" ">
    <subfield code="a">Intervenci&#xF3;n Psicopedag&#xF3;gica</subfield>
  </datafield>
  <datafield tag="906" ind1=" " ind2=" ">
    <subfield code="a">2</subfield>
  </datafield>
  <datafield tag="907" ind1=" " ind2=" ">
    <subfield code="a">NO APLICA</subfield>
  </datafield>
  <datafield tag="908" ind1=" " ind2=" ">
    <subfield code="a">NO APLICA</subfield>
  </datafield>
  <datafield tag="909" ind1=" " ind2=" ">
    <subfield code="a">Universidad Iberoamericana (UNIBE)</subfield>
  </datafield>
  <datafield tag="910" ind1=" " ind2=" ">
    <subfield code="a">NULL</subfield>
    <subfield code="b">NULL</subfield>
  </datafield>
  <datafield tag="911" ind1=" " ind2=" ">
    <subfield code="a">["1"]</subfield>
  </datafield>
  <datafield tag="912" ind1=" " ind2=" ">
    <subfield code="a">NO APLICA</subfield>
  </datafield>
  <datafield tag="913" ind1=" " ind2=" ">
    <subfield code="a">NULL</subfield>
  </datafield>
  <datafield tag="914" ind1=" " ind2=" ">
    <subfield code="a">01 de Septiembre de 2009</subfield>
  </datafield>
  <datafield tag="915" ind1=" " ind2=" ">
    <subfield code="a">01/12/19 01:12</subfield>
  </datafield>
  <datafield tag="916" ind1=" " ind2=" ">
    <subfield code="a">NULL</subfield>
  </datafield>
  <datafield tag="917" ind1=" " ind2=" ">
    <subfield code="a">NULL</subfield>
  </datafield>
  <datafield tag="918" ind1=" " ind2=" ">
    <subfield code="a">NO APLICA</subfield>
  </datafield>
  <datafield tag="919" ind1=" " ind2=" ">
    <subfield code="a">["18","27","37","43","89"]</subfield>
  </datafield>
  <datafield tag="520" ind1=" " ind2=" ">
    <subfield code="a">El estudio se plante&#xF3; como objetivo principal lograr que los/as docentes de 3er. y 4to. Grado de Primer Ciclo de B&#xE1;sica del Colegio San Mart&#xED;n de Porres. Incorporen nuevas estrategias metodol&#xF3;gicas que optimicen la ense&#xF1;anza y el aprendizaje de la Lecto-Escritura.&amp;nbsp;Para el alcance de los objetivos la investigaci&#xF3;n se enfoc&#xF3; en la evaluaci&#xF3;n formativa de tipo descriptiva. Como t&#xE9;cnicas se elabor&#xF3; una gu&#xED;a de preguntas, la observaci&#xF3;n, an&#xE1;lisis, se cre&#xF3; un instrumento con indicadores, talleres y debates. La poblaci&#xF3;n fue compuesta por ochenta y ocho (88) aulas del Centro Educativo.El estudio concluy&#xF3; que en el Colegio San Mart&#xED;n de Porres, ubicado en la Provincia Santo Domingo Este, se observaron algunas dificultades de aprendizaje en la Lecto-Escritura, en estudiantes del Primer Ciclo de B&#xE1;sica de (3ero. Y 4to. Grado). Debido a la preocupaci&#xF3;n e inter&#xE9;s que mostraron los padres y madres, se propuso la realizaci&#xF3;n de una intervenci&#xF3;n psicopedag&#xF3;gica, para tratar de dar soluci&#xF3;n a la problem&#xE1;tica.La investigaci&#xF3;n sugiere al Centro Educativo, este proyecto de intervenci&#xF3;n, para que brinde al docente herramientas metodol&#xF3;gicas y actividades que le puedan ser de utilidad en la labor de ense&#xF1;ar a leer y escribir a los estudiantes. &#xC9;sto, sin olvidar la personalidad integrar del ni&#xF1;o y sus condiciones familiares, sociales y culturales, as&#xED; como el apoyo efectivo para el cabal y completo desarrollo de su yo personal.</subfield>
  </datafield>
  <datafield tag="921" ind1=" " ind2=" ">
    <subfield code="a">16</subfield>
  </datafield>
  <datafield tag="922" ind1=" " ind2=" ">
    <subfield code="a">16</subfield>
  </datafield>
  <datafield tag="923" ind1=" " ind2=" ">
    <subfield code="a">0</subfield>
  </datafield>
  <datafield tag="924" ind1=" " ind2=" ">
    <subfield code="a">NO APLICA</subfield>
  </datafield>
  <datafield tag="942" ind1=" " ind2=" ">
    <subfield code="c">Proyecto de Intervenci&#xF3;n</subfield>
  </datafield>
  <datafield tag="999" ind1=" " ind2=" ">
    <subfield code="c">188</subfield>
    <subfield code="d">188</subfield>
  </datafield>
</record>
